Los misterios del gineceo /

Estudio que elabora un análisis sobre el fresco de los Misterios, el cual ofrece una mirada a los espacios íntimos en la vida de las mujeres, del amor conyugal y la iniciación dionisíaca en Grecia. Se encuentran en la villa romana de los Misterios en Pompeya, construida en el siglo II a.C. y enterra...

全面介绍

Guardado en:
书目详细资料
主要作者: Veyne, Paul (autor)
其他作者: Lissarrague, François (autor) (autor), Frontisi-Ducroux, Françoise (autor) (autor)
格式: 图书
语言:西班牙语
出版: Madrid, España : Akal, 2003, c2003
丛编:(Los Caprichos; 4)
主题:
标签: 添加标签
没有标签, 成为第一个标记此记录!

MARC

LEADER 00000nam^a2200000^a^4500
001 000408342
005 20250521000000.0
009 20260310121951.538
020 |a 84-460-1430-0 
037 |a Acervo ITESO - Biblioteca 
041 |a ESP 
082 |a 709. 4573012  |b VEY 
100 |a Veyne, Paul  |e (autor) 
245 1 4 |a Los misterios del gineceo /  |c P. Veyne, F. Lissarrague, F. Frontisi-Ducroux ; tr. por Marco V. García Quintela, M.P. Bouyssou. 
264 4 |a Madrid, España :  |b Akal,  |c 2003, c2003 
300 |a 332 p. 
336 |a texto  |b txt  |2 rdacontenido 
337 |a sin mediación  |b n  |2 rdamedio 
338 |a volumen  |b nc  |2 rdasoporte 
440 4 |a (Los Caprichos;  |v 4) 
520 |a Estudio que elabora un análisis sobre el fresco de los Misterios, el cual ofrece una mirada a los espacios íntimos en la vida de las mujeres, del amor conyugal y la iniciación dionisíaca en Grecia. Se encuentran en la villa romana de los Misterios en Pompeya, construida en el siglo II a.C. y enterrada por la erupción del volcán Vesubio en el año 69. En la presente obra se deduce que el creador es un pintor helenístico y el fresco es copia de un original griego desaparecido. 
521 |a FIL 2018 EEnlace Departamento de Filosofía y Humanidades 
649 |a XX 
650 |a Mujeres en la Pintura -  |x Grecia -  |x Historia y Crítica 
650 |a Pintura Griega Clásica -  |x Historia y Crítica -  |x Tema Principal 
650 |a Pintura Griega -  |x Historia y Crítica 
650 |a Pintura Mural -  |z Pompeya, Italia -  |x Historia y Crítica -  |x Tema Principal 
650 |a Pintura Clásica -  |x Historia y Crítica 
650 |a Arte Griego Helenístico -  |x Historia y Crítica 
650 |a Arte Griego -  |x Historia y Crítica 
650 |a Arte Italiano -  |x Historia y Crítica 
650 |a Arte Clásico -  |x Historia y Crítica 
700 |a Lissarrague, François  |e (autor) 
700 |a Frontisi-Ducroux, Françoise  |e (autor) 
910 |a Fondo General 
920 |a Impresos - Libros 
930 |a Colección General 
905 |a 101 
901 |a 0500316182  |b IT1  |c ACC  |i C161850  |u 20250521 
902 |a https://opac.biblio.iteso.mx/vufind/Record/000408342